UNIX : guide de l'utilisateur (Record no. 33637)
[ view plain ]
| 000 -LEADER | |
|---|---|
| fixed length control field | 00532 a2200229 4500 |
| 037 ## - SOURCE OF ACQUISITION | |
| Stock number | S5492 |
| 037 ## - SOURCE OF ACQUISITION | |
| Stock number | S5491 |
| 020 ## - NUMERO INTERNATIONAL NORMALISE DES LIVRES | |
| International Standard Book Number | 2-7298-9059-9 |
| 100 ## - VEDETTE PRINCIPALE - NOM DE PERSONNE | |
| Personal name | Bouillet, Dominique |
| 100 ## - VEDETTE PRINCIPALE - NOM DE PERSONNE | |
| Language of a work | Fr |
| 260 ## - PUBLICATION, DISTRIBUTION, ETC. (IMPRINT) | |
| Name of publisher, distributor, etc | Ellipses |
| 245 ## - TITLE STATEMENT | |
| Title | UNIX : guide de l'utilisateur |
| 260 ## - PUBLICATION, DISTRIBUTION, ETC. (IMPRINT) | |
| Date of publication, distribution, etc | 1990 |
| 300 ## - PHYSICAL DESCRIPTION | |
| Extent | 160 p. |
| 300 ## - PHYSICAL DESCRIPTION | |
| Other physical details | 24 cm |
| 630 ## - SUBJECT ADDED ENTRY--UNIFORM TITLE | |
| Uniform title | 62 - Ingenierie. Art de l'ingenieur. Technologie en general |
| 650 ## - SUBJECT ADDED ENTRY--TOPICAL TERM | |
| Topical term or geographic name as entry element | 6 - SCIENCES APPLIQUEES |
| 650 ## - SUBJECT ADDED ENTRY--TOPICAL TERM | |
| Topical term or geographic name as entry element | Electronique |
| 650 ## - SUBJECT ADDED ENTRY--TOPICAL TERM | |
| Topical term or geographic name as entry element | Informatique |
| Withdrawn status | Lost status | Damaged status | Not for loan | Location (home branch) | Sublocation or collection (holding branch) | Date acquired | Koha issues (times borrowed) | Koha full call number | Koha date last seen | Price effective from | Koha item type |
|---|---|---|---|---|---|---|---|---|---|---|---|
| Bibliothèque Universitaire Centrale | Bibliothèque Universitaire Centrale | 28/02/2009 | 621.39 BOU | 28/02/2009 | 28/02/2009 | Livre |